| 000 | 00824cam a2200277 4500 | ||
|---|---|---|---|
| 999 |
_c528417 _d528417 |
||
| 001 | 2663459 | ||
| 003 | NUST | ||
| 005 | 20190912052630.0 | ||
| 008 | 720412s1971 enka 001 0 eng | ||
| 010 | _a 72177347 | ||
| 015 | _aB71-15256 | ||
| 020 |
_a0273360000 _a0273360647 (pbk.) |
||
| 038 | _aMSOHAIL | ||
| 040 |
_aDLC _cDLC _dDLC |
||
| 050 | 0 | 0 |
_aTK2182 _b.S38 |
| 082 | 0 | 0 |
_a621.31042 _bSAY |
| 100 | 1 |
_aSay, M. G. _q(Maurice George), _d1902- _920204 |
|
| 245 | 1 | 0 |
_aIntroduction to the unified theory of electromagnetic machines _c[by] M. G. Say. |
| 260 |
_aLondon, _bPitman, _c1971. |
||
| 300 |
_aix, 198 p. _billus. _c23 cm. |
||
| 350 | _a£2.50 | ||
| 650 | 0 |
_aElectric machinery. _918388 |
|
| 650 | 0 |
_aElectromagnetic theory. _910270 |
|
| 906 |
_a7 _bcbc _corignew _d3 _encip _f19 _gy-gencatlg |
||
| 942 |
_2ddc _cBK |
||